000
00258nam a2200097Ia 4500
005
20251222154424.0
008
251222s9999||||xx |||||||||||||| ||spa||
082
_a
REF.985.008/C76/T.XIV/V.I
245
0
_a
Obra gubernativa y epistolario de BolĂvar
942
_c
LIB
999
_c
36137
_d
36137